Pokémon fusionnés avec Ho-Oh - Statistiques

Statistiques générales
  • Ce quiz a été pris 124 fois
  • Le résultat moyen est 12 sur 16
Statistiques - réponses
Par images Réponse % Correct
Ramoloss
97%
Parasect
94%
Minidraco
93%
Baudrive
91%
Yveltal
88%
Lockpin
84%
Drackhaus
81%
Crocorible
78%
Démanta
74%
Goupelin
74%
Rapion
73%
Katagami
69%
Korillon
68%
Kravarech
68%
Otarlette
58%
Fourbelin
52%
Aucun quiz correspondant
Distribution des résultats
% des personnes avec chaque résultat
Percentile par nombre de réponses
Votre historique - résultats
Vous n’avez pas pris ce quiz